Statistics for All Stumble Guys Maps By Pictures

Click here to take the quiz!

General Stats

  • This quiz has been taken 101 times
    (73 since last reset)
  • The average score is 17 of 47

Answer Stats

Answer% Correct
Block Dash Legendary
86%
Humble Stumble
86%
Lava Rush
75%
Laser Tracer
64%
Paint Splash
64%
Rush Hour
64%
Abducted Avenue
61%
Super Slide
61%
Laser Dash
57%
Tile Fall
54%
Blaster Base
50%
Abduction Avenue
46%
Jungle Roll
46%
Crab’s Landing
43%
NFL Scramble
43%
Floor Flip
39%
SkyRocket Royale
39%
Space Race
39%
Block Dash
32%
Cannonball Chaos
32%
Lost Temple
32%
MrBeast’s Warehouse
32%
Space Drop
32%
Block Dash Endless
29%
Bot Bash
29%
Burrito Bonanza
29%
Hot Wheels Hustle
29%
Over Under
29%
Pivot Push
29%
Blaster Base Zero
25%
Cannon Climb
25%
Icy Heights
25%
Spin Go Round
25%
Barbie Dream Dash
21%
Honey Drop
21%
Stumble Cove
21%
Turbo Temple
21%
Lava Land
18%
Rocket Rumble
18%
Sharkmuda Triangle
18%
Bombardment
14%
Stumble Soccer
14%
Stumble Trouble
14%
Treasure Island
14%
Ice Caramba
11%
Elimination Base
7%
Scaffold Stumble
4%

Score Distribution

Percentile by Number Answered

Percent of People with Each Score

Your Score History

You have not taken this quiz since the last reset